000
00337nam a2200145Ia 4500
005
20251222152618.0
008
251222s9999||||xx |||||||||||||| ||spa||
020
_a
9788495349484
082
_a
868.56/P45
100
_a
Pérez Galdós, Benito
245
0
_a
Doña Perfecta
250
_a
1ra. ed.
264
_b
La Opinión
942
_c
LIB
999
_c
27246
_d
27246